Complex variables and the Laplace transform for engineers (Record no. 13856)

000 -LEADER
fixed length control field 00606nam a22002051 4500
001 - CONTROL NUMBER
control field 13856
003 - CONTROL NUMBER IDENTIFIER
control field BD-DhUET
008 - FIXED-LENGTH DATA ELEMENTS--GENERAL INFORMATION
fixed length control field 840622s1961 nyua b 000 0 eng
040 ## - CATALOGING SOURCE
Original cataloging agency DLC
Transcribing agency DLC
Modifying agency BD-DhUET
082 00 - DEWEY DECIMAL CLASSIFICATION NUMBER
Classification number 517.862
Item number LEP/1961
100 ## - MAIN ENTRY--PERSONAL NAME
Personal name LePage, Wilbur R.
245 10 - TITLE STATEMENT
Title Complex variables and the Laplace transform for engineers
250 ## - EDITION STATEMENT
Edition statement 1st ed.
260 ## - PUBLICATION, DISTRIBUTION, ETC. (IMPRINT)
Place of publication, distribution, etc. Bombay
Name of publisher, distributor, etc. McGraw-Hill
Date of publication, distribution, etc. 1961
300 ## - PHYSICAL DESCRIPTION
Extent xvi, 475 p.
Other physical details ill.
Dimensions 24 cm.
490 ## - SERIES STATEMENT
Series statement International series in pure and applied mathematics
504 ## - BIBLIOGRAPHY, ETC. NOTE
Bibliography, etc Includes bibliographies
650 #0 - SUBJECT ADDED ENTRY--TOPICAL TERM
Topical term or geographic name as entry element Calculus - Complex variables
942 ## - ADDED ENTRY ELEMENTS (KOHA)
Koha item type General Book
Holdings
Price effective from Location (home branch) Sublocation or collection (holding branch) Not for loan Source of classification or shelving scheme Shelving location Damaged status Koha item type Date acquired Withdrawn status Koha full call number Lost status Copy number Koha normalized classification for sorting Piece designation (barcode) Koha date last seen
2015-03-05Central Library, BUETCentral Library, BUET  Circulation section General Book2015-03-05 517.862/LEP/1961 1517_862000000000000_LEP_1961401162015-03-05
2015-03-05Central Library, BUETCentral Library, BUET  Circulation section General Book2015-03-05 517.862/LEP/1961 2517_862000000000000_LEP_1961243852015-03-05
2015-03-07Central Library, BUETCentral Library, BUET  Circulation section General Book2015-03-07 517.862/LEP/1961 3517_862000000000000_LEP_196163742015-03-07
2015-03-07Central Library, BUETCentral Library, BUET  Circulation section General Book2015-03-07 517.862/LEP/1961 4517_862000000000000_LEP_1961510272015-03-07
2015-03-07Central Library, BUETCentral Library, BUET  Circulation section General Book2015-03-07 517.862/LEP/1961 5517_862000000000000_LEP_1961209632015-03-07
2015-03-07Central Library, BUETCentral Library, BUET  Circulation section General Book2015-03-07 517.862/LEP/1961 6517_862000000000000_LEP_1961426592015-03-07
2015-03-07Central Library, BUETCentral Library, BUET  Circulation section General Book2015-03-07 517.862/LEP/1961 7517_862000000000000_LEP_1961401152015-03-07
2015-03-07Central Library, BUETCentral Library, BUET  Circulation section General Book2015-03-07 517.862/LEP/1961 8517_862000000000000_LEP_1961396712015-03-07
2015-03-07Central Library, BUETCentral Library, BUET  Circulation section General Book2015-03-07 517.862/LEP/1961 9517_862000000000000_LEP_1961396702015-03-07
2015-03-07Central Library, BUETCentral Library, BUET  Circulation section General Book2015-03-07 517.862/LEP/1961 10517_862000000000000_LEP_1961426602015-03-07
2015-03-09Central Library, BUETCentral Library, BUET  Circulation section General Book2015-03-09 517.862/LEP/1961 11517_862000000000000_LEP_1961426612015-03-09
2015-03-09Central Library, BUETCentral Library, BUET  Circulation section General Book2015-03-09 517.862/LEP/1961 12517_862000000000000_LEP_1961510262015-03-09
2015-05-03Central Library, BUETCentral Library, BUET  Circulation section General Book2015-05-03 517.862/LEP/1961 13517_862000000000000_LEP_196120392015-05-03
2015-05-03Central Library, BUETCentral Library, BUET  Circulation section General Book2015-05-03 517.862/LEP/1961 14517_862000000000000_LEP_196163752015-05-03
2015-05-03Central Library, BUETCentral Library, BUET  Circulation section General Book2015-05-03 517.862/LEP/1961 15517_862000000000000_LEP_196120412015-05-03
2015-05-03Central Library, BUETCentral Library, BUET  Circulation section General Book2015-05-03 517.862/LEP/1961 16517_862000000000000_LEP_196120402015-05-03